Aromatic heterocyclic chemistry

Αποθηκεύτηκε σε:
Λεπτομέρειες βιβλιογραφικής εγγραφής
Κύριος συγγραφέας: Davies, David T.
Μορφή: Βιβλίο
Γλώσσα:English
Δημοσίευση: Oxford : Oxford University Press, 1995
Σειρά:Oxford chemistry primers ; ; 2
Θέματα:
Ετικέτες: Προσθήκη ετικέτας
Δεν υπάρχουν, Καταχωρήστε ετικέτα πρώτοι!

MARC

LEADER 00000nam a2200000 i 4500
001 1/8930
008 970508s1995 eng d
020 |a 0-19-855660-8 
035 |l 10017284 
040 |a GR-MY-UA  |b gre  |e aacr 
041 0 |a eng 
082 0 |a 547.59 
100 1 |a Davies, David T. 
245 1 0 |a Aromatic heterocyclic chemistry /  |c David T. Davies 
260 |a Oxford :   |b Oxford University Press,   |c 1995 
300 |a 88 p.  |b fig. 
490 1 |a Oxford chemistry primers  |v ; 2 
504 |a Includes index 
650 0 0 |a Heterocyclic chemistry. 
830 0 |a Oxford chemistry primers ;  |v ; 2 
852 |a INST  |b LESVOS  |e 19970508  |h 547.59 DAV  |p 005100008741  |q 005100008741  |t BK  |y 0 
909 |a Λ  |b 048956 
950 |a 064-1996-10-18